Ideas and data: the process and practice of social research (Record no. 321)

MARC details
000 -LEADER
fixed length control field 00396nam a2200145Ia 4500
020 ## - INTERNATIONAL STANDARD BOOK NUMBER
ISBN 0-256-01809-x
082 ## - DEWEY DECIMAL CLASSIFICATION NUMBER
Classification number 300.72 OLS-;
100 ## - MAIN ENTRY--AUTHOR NAME
Personal name Olson, Sheldon
245 #0 - TITLE STATEMENT
Title Ideas and data: the process and practice of social research
260 ## - PUBLICATION, DISTRIBUTION, ETC. (IMPRINT)
Place of publication Illinois
Name of publisher Dorsey Press
Year of publication 1976
300 ## - PHYSICAL DESCRIPTION
Number of Pages 513p.
650 ## - SUBJECT ADDED ENTRY--TOPICAL TERM
Topical Term Social sciences - Data processing
650 ## - SUBJECT ADDED ENTRY--TOPICAL TERM
Topical Term Social sciences - Research
942 ## - ADDED ENTRY ELEMENTS (KOHA)
Koha item type Books
Holdings
Withdrawn status Lost status Damaged status Not for loan Home library Current library Date acquired Full call number Accession Number Price effective from Koha item type
        NASSDOC Library NASSDOC Library 08/06/2004 300.72 OLS-; 9202 18/04/2019 Books